000
nam a22 7a 4500
999
_c
51409
_d
51409
003
OSt
005
20220328164405.0
008
220328b xxu||||| |||| 00| 0 eng d
040
_c
IIMT UNIVERSITY MEERUT
100
_a
SINGH,PANKAJ
245
_a
ANDHER NAGRI
260
_a
NEW DELHI
_b
VANI PRAKSHAN
_c
2019
300
_a
71
942
_2
ddc
_c
01